| 000 | 00360nam a22001337a 4500 | ||
|---|---|---|---|
| 020 | _a9788126537297 | ||
| 082 |
_222 _a005.745 |
||
| 100 | _aPonnlah, Paulraj. | ||
| 245 |
_aData warehousing: _bFundamentals for IT professionals / |
||
| 250 | _a2nd. | ||
| 260 |
_aNew Delhi, _bWiley India, _cc2013. |
||
| 300 |
_axxviii, 571p. ; _bill. ; _c23 cm. |
||
| 942 |
_2ddc _cIT _010 |
||
| 999 |
_c860 _d860 |
||